Linear Algebra with Applications / (Record no. 592294)
[ view plain ]
| 000 -LEADER | |
|---|---|
| fixed length control field | 01035pam a2200241 i 4500 |
| 001 - CONTROL NUMBER | |
| control field | 326299 |
| 003 - CONTROL NUMBER IDENTIFIER | |
| control field | NUST |
| 005 - DATE AND TIME OF LATEST TRANSACTION | |
| control field | 20231013124916.0 |
| 008 - FIXED-LENGTH DATA ELEMENTS--GENERAL INFORMATION | |
| fixed length control field | 750213s1976 nyua 001 0 eng |
| 010 ## - LIBRARY OF CONGRESS CONTROL NUMBER | |
| LC control number | 75004928 |
| 020 ## - INTERNATIONAL STANDARD BOOK NUMBER | |
| International Standard Book Number | 0023659505 |
| 040 ## - CATALOGING SOURCE | |
| Original cataloging agency | DLC |
| Transcribing agency | DLC |
| Modifying agency | DLC |
| 082 00 - DEWEY DECIMAL CLASSIFICATION NUMBER | |
| Classification number | 512.5,KOL |
| 100 1# - MAIN ENTRY--PERSONAL NAME | |
| Personal name | Kolman, Bernard, |
| 9 (RLIN) | 38800 |
| 245 10 - TITLE STATEMENT | |
| Title | Linear Algebra with Applications / |
| Statement of responsibility, etc. | Bernard Kolman, David R. Hill |
| 250 ## - EDITION STATEMENT | |
| Edition statement | 9th ed. |
| 260 ## - PUBLICATION, DISTRIBUTION, ETC. | |
| Date of publication, distribution, etc. | c 2009 |
| 300 ## - PHYSICAL DESCRIPTION | |
| Extent | xviii, 614 , I-12 p. : |
| Other physical details | ill. ; |
| Dimensions | 25 cm. |
| 505 ## - FORMATTED CONTENTS NOTE | |
| Formatted contents note | Linear Equations and Matrices (Page-1), Solving Linear System (Page-86), Determinants (Page-141), Real Vector Spaces (Page-177), Inner Product Spaces (Page-290), Linear Transformations and Matrices (Page-363), Eigenvalues and Eigenvectors (page-436), Applications of Eigenvalues and Eigenvectors (Optional), Matlab for Linear Algebra (Page-561), Matlab Exercises (Page-597). |
| 650 #0 - SUBJECT ADDED ENTRY--TOPICAL TERM | |
| Topical term or geographic name entry element | Algebras, Linear. |
| 9 (RLIN) | 10720 |
| 906 ## - LOCAL DATA ELEMENT F, LDF (RLIN) | |
| a | 7 |
| b | cbc |
| c | orignew |
| d | 1 |
| e | ocip |
| f | 19 |
| g | y-gencatlg |
| 942 ## - ADDED ENTRY ELEMENTS (KOHA) | |
| Source of classification or shelving scheme | |
| Koha item type | Book |
| Call number prefix | 512.5,KOL |
| Withdrawn status | Lost status | Source of classification or shelving scheme | Damaged status | Not for loan | Permanent Location | Current Location | Shelving location | Date acquired | Total Checkouts | Full call number | Barcode | Checked out | Date last seen | Date last checked out | Price effective from | Koha item type | Public note |
|---|---|---|---|---|---|---|---|---|---|---|---|---|---|---|---|---|---|
| Military College of Signals (MCS) | Military College of Signals (MCS) | General Stacks | 11/14/2022 | 2 | 512.5,KOL | MCS38320 | 07/11/2025 | 03/13/2025 | 03/13/2025 | 11/14/2022 | Book | Almirah No.11, Shelf No.3 | |||||
| Military College of Signals (MCS) | Military College of Signals (MCS) | General Stacks | 02/27/2023 | 1 | 512.5,KOL | MCS38321 | 06/24/2026 | 02/24/2026 | 02/24/2026 | 02/27/2023 | Book | Almirah No.72, Shelf No.1 |
